| 000 | 01116cad a22002295a 4500 | ||
|---|---|---|---|
| 001 | L145767 | ||
| 008 | 081106s2008 xxkad f s 000 0 eng d | ||
| 035 | _a(Sirsi) u145767 | ||
| 041 | 0 | _aeng | |
| 050 | 0 | 4 | _a333.33 $2 18 |
| 110 | 2 |
_aNAI Global _95315 |
|
| 245 | 0 | 0 |
_aCapital markets update _bSeptember 2008 _h[electronic resource] |
| 260 |
_aPrinceton _bNAI Global _c2008 |
||
| 490 | 0 | _aCapital Markets Update | |
| 520 | _aPlacing the credit crunch into the historical context of US recessions of the past 40 years, provides a wide-ranging discussion of the global economic crisis. Calls for new and improved lender and mortgage regulations, but expresses concern that the US economy is returning to the separation of banking and non-banking activities nine years after its legal abolition. | ||
| 590 | _aKA | ||
| 650 | 2 | 4 | _aNAI GLOBAL CAPITAL MARKETS UPDATE |
| 651 | 4 |
_aUnited States _y1959- |
|
| 690 | _aPROPERTY-COMMERCIAL PROPERTY-COMMERCIAL PROPERTY MARKET | ||
| 856 | 4 | 0 |
_uhttps://www.naiglobal.com/docs/Capital_Market_Update_Sept08.pdf _zView the item free of charge at www.naiglobal.com |
| 942 | _n0 | ||
| 999 |
_c108908 _d108908 |
||